| 000 | 00887nmm a2200277 a 4500 | ||
|---|---|---|---|
| 001 | ocm000552779 | ||
| 003 | TR-IsHL | ||
| 005 | 20201028121558.0 | ||
| 008 | 130705s2007 tu tur | ||
| 007 | cr cn | ||
| 020 | _a9789944159074 | ||
| 035 |
_a552779 _b(N$T) |
||
| 050 | 0 | 4 |
_aDS26 _b.T88 2007 |
| 090 | 0 | 4 |
_aDS26 _b.T88 2007 |
| 100 | 1 | _aTutar, Hilmi | |
| 245 | 1 | 0 |
_aTürkler dünyaya nasıl egemen olur _h[electronic resource] / _cHilmi Tutar |
| 250 | _a1. bs. | ||
| 260 |
_aİstanbul : _bBizim Kitaplar, _c2007 |
||
| 300 | _a248 p. | ||
| 650 | 4 | _aPolitika ve Uluslararası İlişkiler | |
| 650 | 4 | _aPolitics and International Relations | |
| 650 | 0 | _aTürk halkları - Tarih | |
| 650 | 0 |
_aTurkic peoples _x History |
|
| 650 | 7 |
_aHISTORY / Civilization _2bisacsh |
|
| 856 | 4 | 0 | _uhttp://search.ebscohost.com/login.aspx?direct=true&scope=site&db=e011xww&AN=552779 |
| 999 |
_c1402 _d1402 |
||